000 nam a22 a 4500
999 _c2305
_d2305
003 AKMAL
005 20170516092037.0
008 170516s1988 -us 00 eng d
020 _a0070403988
040 _aAKMAL
_cAKMAL
082 0 4 _a411 MAR
090 _a411
100 1 _aMarius, Richard
_94826
245 1 0 _aThe McGraw-Hill college handbook /
_cRichard Marius, Harvey S. Wiener
250 _a2nd ed.
260 _aNew York :
_bMcGraw-Hill,
_c1988
300 _axxi, 841 p. ;
_c22 cm
500 _aIncludes index
650 _aEnglish language
_xGrammar
_94827
650 _aEnglish language
_xRhetoric
_91467
700 1 _aWiener, Harvey S.
_94828
942 _2ddc
_cBOOK